000 00564nam a2200241 a 4500
001 nice12345678
003 IN_TiNIC
005 20260116011327.0
008 050524s1964 leia grp 000 0 eng
020 _a
_c100
082 0 0 _a418.02
_bNID
100 _aNida, Eugene A
245 _aTowards a Science of Translating
260 _aLeiden
_bE. J. Brill
_c1964
300 _a231p
500 _aincludes index and biblioraphy
505 2 _aIndex
650 _aTranslating
700 1 _aNida, Eugene A
902 _bSRS
942 _cBK
999 _c540
_d540